=LDR 00000nam 2200000 4500 =001 INLIS000000000015031 =005 20130612110319 =008 ***********************************Ind** =035 ##$$0010-061300000015031 =041 ##$$a Ind =082 ##$$a 621.94 =090 ##$$a 621.94, Sus k =100 ##$$a Soejono =245 ##$$a kerja Membubut, Soerjono =260 ##$$a 1985 $b Bandung =300 ##$$a 50 Hlm, Ilus, 21 Cm =650 ##$$a Membubut- Keterempilan =700 ##$$a Sabanto =850 ##$$a NBPNMAT